| 000 | 01000nam a2200253 i 4500 | ||
|---|---|---|---|
| 001 | bg | ||
| 245 | 0 | 0 |
_aZagadnienia elektromagnetyczne i cieplne / _c[oprac. redakcyjne Kazimiera Kręc]. |
| 260 |
_aWarszawa : _bOficyna Wydawnicza PW, _c2001. |
||
| 300 |
_a159 s. : _bil. ; _c24 cm. |
||
| 490 | 1 |
_aPrace Naukowe / Politechnika Warszawska. Elektryka, _x0137-2319 ; _vz. 116 |
|
| 500 | _aW nagł. nazwa serii: Prace Naukowe Politechniki Warszawskiej. - Opis wg nagł. - Tekst częśc. ang. i pol. - Streszcz. ang., pol. | ||
| 504 | _aBibliogr. przy pracach. | ||
| 600 | 1 | 9 | _aKoziej, Eugeniusz (1926-) |
| 650 | 9 |
_aModele matematyczne _xstosowanie _xelektrotechnika |
|
| 650 | 9 |
_aPole magnetyczne _xbadanie |
|
| 650 | 9 |
_aSilniki elektryczne _xbadanie |
|
| 700 | 1 |
_aKRĘC, Kazimiera. _eRed. |
|
| 830 | 0 |
_aPrace Naukowe (Politechnika Warszawska). _pElektryka ; _vz. 116 |
|
| 040 | _cBPK | ||
| 041 | 0 |
_aplen _bplen |
|
| 080 | _a621.313.13 | ||
| 942 | _cKS | ||
| 008 | s pl f |000 0 pol | ||
| 999 |
_c40637 _d40637 |
||
| 856 |
_uhttp://koha.tu.koszalin.pl/cgi-bin/koha/opac-detail.pl?biblionumber=40637 _yKatalog online BPK |
||